[Event "39. Rilton Cup 2009/2010"]
[Site "Stockholm SWE"]
[Date "2010.01.02"]
[Round "6.15"]
[White "Lindberg, Bengt"]
[Black "Hammer, Jon Ludvig"]
[Result "0-1"]
[WhiteElo "2407"]
[BlackElo "2588"]
[PlyCount "60"]
[EventDate "2009.12.27"]
[EventType "swiss"]
[EventRounds "9"]
[EventCountry "SWE"]
[Source "lmi"]
[SourceDate "2009.12.27"]

1. e4 e5 2. Nf3 Nc6 3. Bb5 a6 4. Ba4 Nf6 5. O-O Be7 6. Re1 b5 7. Bb3 O-O 8. c3
d6 9. h3 Na5 10. Bc2 c5 11. d4 Qc7 12. Nbd2 Be6 13. d5 Bd7 14. Nf1 Rfc8 15. g4
h5 16. N3h2 hxg4 17. hxg4 Nh7 18. f4 exf4 19. Bxf4 Nc4 20. Ng3 g6 21. Kh1 Bg5
22. Qc1 Qd8 23. e5 dxe5 24. Bxg5 Qxg5 25. b3 Qh4 26. Ne4 Nb6 27. Qd1 Kg7 28.
Qf3 Rh8 29. Re2 Nxd5 30. Nxc5 Bc6 0-1

[Event "39. Rilton Cup 2009/2010"]
[Site "Stockholm SWE"]
[Date "2010.01.02"]
[Round "6.17"]
[White "Akesson, Ralf"]
[Black "Andersen, Mads"]
[Result "1-0"]
[WhiteElo "2454"]
[BlackElo "2294"]
[PlyCount "89"]
[EventDate "2009.12.27"]
[EventType "swiss"]
[EventRounds "9"]
[EventCountry "SWE"]
[Source "lmi"]
[SourceDate "2009.12.27"]

1. d4 Nf6 2. c4 g6 3. Nc3 d5 4. Qb3 dxc4 5. Qxc4 Bg7 6. e4 O-O 7. Be2 Nfd7 8.
Nf3 Nc6 9. Be3 Nb6 10. Qc5 a5 11. O-O f5 12. d5 Nb4 13. Rad1 fxe4 14. Ng5 Nd3
15. Bxd3 exd3 16. Rxd3 Qd6 17. Qxd6 exd6 18. Bxb6 cxb6 19. Ne6 Bxe6 20. dxe6
Be5 21. Nd5 Rae8 22. e7 Rf7 23. b3 Bf6 24. Re1 h5 25. a4 Kg7 26. g3 g5 27. h3
Be5 28. Re4 Kg6 29. Kg2 Kf5 30. Rde3 Rg7 31. f3 Rc8 32. Re2 Ke6 33. Rc4 Kxd5
34. Rxc8 Rxe7 35. Rg8 Bf6 36. Rxe7 Bxe7 37. f4 gxf4 38. gxf4 Ke6 39. Rb8 h4 40.
Rxb7 Bd8 41. Kf3 d5 42. Ke3 Kd6 43. Kd4 Bf6+ 44. Kd3 Bd8 45. Rb8 1-0

[Event "39. Rilton Cup 2009/2010"]
[Site "Stockholm SWE"]
[Date "2010.01.02"]
[Round "6.18"]
[White "Kauppila, Osmo"]
[Black "Nithander, Victor"]
[Result "1/2-1/2"]
[WhiteElo "2279"]
[BlackElo "2434"]
[PlyCount "64"]
[EventDate "2009.12.27"]
[EventType "swiss"]
[EventRounds "9"]
[EventCountry "SWE"]
[Source "lmi"]
[SourceDate "2009.12.27"]

1. d4 Nf6 2. c4 g6 3. Nc3 Bg7 4. e4 d6 5. f4 O-O 6. Nf3 c5 7. d5 e6 8. Be2 exd5
9. cxd5 Re8 10. e5 dxe5 11. fxe5 Ng4 12. e6 fxe6 13. d6 Ne5 14. O-O Nbc6 15.
Nxe5 Bxe5 16. Bf4 Rf8 17. Bxe5 Nxe5 18. Qd2 Bd7 19. Qe3 Nc6 20. Qxc5 Rf5 21.
Qe3 Qf6 22. Bg4 Rxf1+ 23. Rxf1 Qd4 24. Qxd4 Nxd4 25. Rd1 Nf5 26. Bf3 Rb8 27.
Ne4 Rd8 28. Nf6+ Kg7 29. Nxd7 Rxd7 30. Bxb7 Rxd6 31. Rxd6 Nxd6 32. Ba6 Kf6
1/2-1/2

[Event "39. Rilton Cup 2009/2010"]
[Site "Stockholm SWE"]
[Date "2010.01.02"]
[Round "6.19"]
[White "Markevich, Ilya"]
[Black "Gagarin, Vasilij"]
[Result "1-0"]
[WhiteElo "2162"]
[BlackElo "2422"]
[PlyCount "99"]
[EventDate "2009.12.27"]
[EventType "swiss"]
[EventRounds "9"]
[EventCountry "SWE"]
[Source "lmi"]
[SourceDate "2009.12.27"]

1. e4 e5 2. Nf3 Nc6 3. Bb5 a6 4. Ba4 Nf6 5. d3 d6 6. c3 Bd7 7. O-O g6 8. Re1
Bg7 9. Nbd2 O-O 10. Nf1 Nh5 11. h3 Qe8 12. g4 Nf4 13. Bxf4 exf4 14. Bb3 Qe7 15.
Qd2 g5 16. d4 h5 17. N1h2 Qf6 18. Kg2 Qh6 19. Rh1 Rae8 20. Bc2 Bc8 21. Rag1 Nb8
22. Kf1 h4 23. Kg2 c5 24. Rd1 c4 25. Rhe1 b5 26. Kg1 Bb7 27. Re2 Nd7 28. Rde1
Re7 29. Bb1 Rfe8 30. Qc2 Nf6 31. Nd2 d5 32. e5 Ne4 33. Nxe4 dxe4 34. Qd2 e3 35.
fxe3 Qc6 36. e4 f6 37. exf6 Bxf6 38. Nf3 Qb6 39. Kf2 Qc6 40. Kg2 Qb6 41. e5 Bg7
42. Be4 Bxe4 43. Rxe4 Qg6 44. d5 Kh7 45. e6 Kh6 46. Nd4 Bxd4 47. Qxd4 a5 48.
Qe5 b4 49. d6 Rb7 50. Qd5 1-0

[Event "39. Rilton Cup 2009/2010"]
[Site "Stockholm SWE"]
[Date "2010.01.02"]
[Round "6.20"]
[White "Cramling, Dan"]
[Black "Vaarala, Eric"]
[Result "1/2-1/2"]
[WhiteElo "2408"]
[BlackElo "2032"]
[PlyCount "108"]
[EventDate "2009.12.27"]
[EventType "swiss"]
[EventRounds "9"]
[EventCountry "SWE"]
[Source "lmi"]
[SourceDate "2009.12.27"]

1. d4 d5 2. Nf3 Nf6 3. c4 c6 4. Nc3 e6 5. Bg5 Be7 6. e3 a6 7. Rc1 b5 8. cxd5
exd5 9. Qc2 O-O 10. Bd3 h6 11. Bh4 Re8 12. O-O Bb7 13. Rfe1 Nbd7 14. e4 dxe4
15. Bxe4 Nd5 16. Bh7+ Kh8 17. Nxd5 cxd5 18. Bxe7 Rxe7 19. Rxe7 Qxe7 20. Re1 Qd6
21. Bf5 Nf6 22. Ne5 Kg8 23. Rc1 Ne8 24. f3 g6 25. Bd7 Rd8 26. Bxe8 Rxe8 27. Qc7
Qe7 28. a3 Kf8 29. Kf1 Rc8 30. Qxe7+ Kxe7 31. Rc5 g5 32. Ke2 f6 33. Ng4 h5 34.
Ne3 Ke6 35. Kd3 f5 36. f4 gxf4 37. Nxd5 Rxc5 38. Nxf4+ Kd6 39. dxc5+ Kxc5 40.
h4 a5 41. Ne6+ Kd6 42. Nf4 Ke5 43. Ke3 Bc6 44. Ng6+ Kf6 45. Nf4 Ke5 46. g3 Be8
47. Ne2 Kd5 48. Kd3 Ke5 49. b4 a4 50. Nf4 Bf7 51. Ke3 Be8 52. Kd3 Bf7 53. Ke3
Be8 54. Kd3 Bf7 1/2-1/2

[Event "39. Rilton Cup 2009/2010"]
[Site "Stockholm SWE"]
[Date "2010.01.02"]
[Round "6.21"]
[White "Glimbrant, Torbjorn"]
[Black "Nguyen, Michael"]
[Result "1-0"]
[WhiteElo "2263"]
[BlackElo "2187"]
[PlyCount "115"]
[EventDate "2009.12.27"]
[EventType "swiss"]
[EventRounds "9"]
[EventCountry "SWE"]
[Source "lmi"]
[SourceDate "2009.12.27"]

1. d4 Nf6 2. c4 e6 3. Nf3 Bb4+ 4. Bd2 Qe7 5. Nc3 O-O 6. e3 Bxc3 7. Bxc3 Ne4 8.
Rc1 d6 9. Qc2 Nxc3 10. Qxc3 c5 11. Be2 b6 12. O-O Nc6 13. a3 e5 14. d5 Nb8 15.
b4 Qc7 16. Nd2 Nd7 17. e4 a5 18. b5 Re8 19. g3 Nf8 20. Qe3 Qd8 21. Bd3 Ng6 22.
f3 Ra7 23. Rf2 f6 24. Kh1 Rf7 25. Rg1 f5 26. exf5 Bxf5 27. Bxf5 Rxf5 28. Ne4
Qd7 29. Kg2 Ne7 30. Ng5 Ng6 31. Ne4 Ne7 32. Kf1 Rff8 33. Ng5 Ng6 34. Qd3 Qf5
35. Qxf5 Rxf5 36. Ne4 Rd8 37. Ke2 h6 38. h4 Ne7 39. g4 Rf4 40. h5 Kh8 41. Rfg2
Rd7 42. Rh1 Ng8 43. g5 hxg5 44. Rxg5 Nh6 45. Rh3 Nf5 46. Rg6 Nd4+ 47. Kd1 Nf5
48. Re6 Kg8 49. Rh1 Kf8 50. Rg1 Rxf3 51. Rgg6 Rf4 52. Nxd6 Ne7 53. h6 gxh6 54.
Rxh6 Kg7 55. Rh5 Ng6 56. Nf5+ Kg8 57. Rg5 Kf7 58. Nh6+ 1-0

[Event "39. Rilton Cup 2009/2010"]
[Site "Stockholm SWE"]
[Date "2010.01.02"]
[Round "6.25"]
[White "Evertsson, Lennart"]
[Black "Niemi, Mikko"]
[Result "0-1"]
[WhiteElo "2159"]
[BlackElo "2219"]
[PlyCount "120"]
[EventDate "2009.12.27"]
[EventType "swiss"]
[EventRounds "9"]
[EventCountry "SWE"]
[Source "lmi"]
[SourceDate "2009.12.27"]

1. d4 d6 2. e4 Nf6 3. Nc3 g6 4. Nf3 Bg7 5. Be2 O-O 6. h3 c6 7. Be3 Qc7 8. Qd2
Nbd7 9. g4 b5 10. Bd3 Bb7 11. g5 Nh5 12. Ne2 c5 13. c3 Rae8 14. Rg1 a6 15. Rg4
e6 16. Rh4 c4 17. Bc2 f5 18. gxf6 Ndxf6 19. Nfg1 e5 20. d5 Nf4 21. Nxf4 exf4
22. Rxf4 Rf7 23. Ne2 Qd7 24. Rh4 Qe7 25. Bg5 Qf8 26. O-O-O Nh5 27. Nf4 Nxf4 28.
Rxf4 Bc8 29. Rh1 Bd7 30. Rxf7 Qxf7 31. Qe3 a5 32. Bf4 Qf6 33. Bg5 Qf7 34. h4 b4
35. Rg1 Rb8 36. f3 Be8 37. h5 a4 38. hxg6 hxg6 39. f4 a3 40. e5 b3 41. axb3 a2
42. Kd2 Qxd5+ 43. Qd4 Qxd4+ 44. cxd4 cxb3 45. Bd3 Rc8 46. Be7 dxe5 47. dxe5 Bf8
48. Bxf8 Kxf8 49. Ke3 Ke7 50. Kd4 Bf7 51. Re1 Ra8 52. Ra1 Ra4+ 53. Ke3 Ke6 54.
Bb5 Rb4 55. Bf1 Kd5 56. Rd1+ Kc5 57. Rc1+ Bc4 58. Bh3 Ra4 59. Ra1 Bd5 60. Rc1+
Rc4 0-1

[Event "39. Rilton Cup 2009/2010"]
[Site "Stockholm SWE"]
[Date "2010.01.02"]
[Round "6.26"]
[White "Kiuttu, Roope"]
[Black "Bryntze, Stefan"]
[Result "1-0"]
[WhiteElo "2194"]
[BlackElo "2073"]
[PlyCount "87"]
[EventDate "2009.12.27"]
[EventType "swiss"]
[EventRounds "9"]
[EventCountry "SWE"]
[Source "lmi"]
[SourceDate "2009.12.27"]

1. e4 e5 2. Bc4 Nf6 3. d3 c6 4. Nf3 d5 5. Bb3 Bg4 6. exd5 cxd5 7. h3 Bxf3 8.
Qxf3 Nc6 9. c3 Bc5 10. Bg5 e4 11. dxe4 dxe4 12. Qe2 O-O 13. O-O h6 14. Bxf6
Qxf6 15. Nd2 Rae8 16. Nxe4 Qf4 17. Rae1 Kh8 18. Qg4 Qe5 19. Nxc5 Qxc5 20. Rxe8
Rxe8 21. Bxf7 Ne5 22. Qe2 Rf8 23. Bb3 Ng6 24. Qe4 Nf4 25. Bc2 g6 26. Re1 Nxh3+
27. gxh3 Rxf2 28. Kh1 Qf8 29. Qe5+ Qg7 30. Qxg7+ Kxg7 31. Bb3 Kf6 32. Re6+ Kf5
33. Re7 Rxb2 34. Rxb7 Kf4 35. Kg1 g5 36. Rxa7 h5 37. Rd7 Re2 38. c4 Re3 39. Rd2
Kg3 40. Rg2+ Kxh3 41. Rxg5 h4 42. Kf2 Rd3 43. c5 Kh2 44. Ke2 1-0

[Event "39. Rilton Cup 2009/2010"]
[Site "Stockholm SWE"]
[Date "2010.01.02"]
[Round "6.28"]
[White "Gromova, Iulia"]
[Black "Mardell, Jimmy"]
[Result "1/2-1/2"]
[WhiteElo "2222"]
[BlackElo "2182"]
[PlyCount "58"]
[EventDate "2009.12.27"]
[EventType "swiss"]
[EventRounds "9"]
[EventCountry "SWE"]
[Source "lmi"]
[SourceDate "2009.12.27"]

1. d4 Nf6 2. c4 e6 3. Nf3 b6 4. g3 Ba6 5. b3 Bb7 6. Bg2 Bb4+ 7. Bd2 c5 8. d5
exd5 9. Nh4 O-O 10. Bxb4 cxb4 11. cxd5 Re8 12. O-O Na6 13. a3 d6 14. Nf5 g6 15.
Nd4 Qe7 16. axb4 Nxb4 17. e4 Nxe4 18. Re1 Nxf2 19. Rxe7 Nxd1 20. Rxb7 Re1+ 21.
Bf1 Ne3 22. Kf2 Rxf1+ 23. Kxe3 Re8+ 24. Kd2 Ree1 25. Raxa7 Rxb1 26. Ne6 Rbd1+
27. Ke2 Rde1+ 28. Kd2 Rd1+ 29. Ke2 Rde1+ 1/2-1/2

[Event "39. Rilton Cup 2009/2010"]
[Site "Stockholm SWE"]
[Date "2010.01.02"]
[Round "6.29"]
[White "Logdahl, Harald"]
[Black "Vovk, Oksana"]
[Result "1-0"]
[WhiteElo "2214"]
[BlackElo "2145"]
[PlyCount "115"]
[EventDate "2009.12.27"]
[EventType "swiss"]
[EventRounds "9"]
[EventCountry "SWE"]
[Source "lmi"]
[SourceDate "2009.12.27"]

1. e4 e6 2. d4 d5 3. Nd2 c5 4. exd5 exd5 5. Bb5+ Nc6 6. Qe2+ Be6 7. Ngf3 Bd6 8.
dxc5 Bxc5 9. Nb3 Be7 10. Nfd4 Qd6 11. Bf4 Qxf4 12. Nxc6 a6 13. Nxe7+ Kxe7 14.
Bd3 Nf6 15. g3 Qd6 16. Nd4 Kf8 17. O-O-O g6 18. Rhe1 Re8 19. f3 Kg7 20. Qf2 Nd7
21. f4 Bg4 22. Rxe8 Rxe8 23. Re1 Rxe1+ 24. Qxe1 Nc5 25. Qe3 h5 26. a3 Na4 27.
Nb3 Qf6 28. Qd4 Qxd4 29. Nxd4 Kf6 30. Bf1 Ke7 31. Bg2 Kd6 32. c3 Nc5 33. Kd2 b6
34. Bf1 Ne4+ 35. Ke3 a5 36. Bd3 Nc5 37. b4 Na4 38. Nb5+ Kc6 39. Kd4 Nb2 40. Bf1
axb4 41. cxb4 f6 42. Nc3 Bf3 43. h4 Nd1 44. Bb5+ Kd6 45. Nxd1 Bxd1 46. a4 Bg4
47. Be8 Bf5 48. a5 bxa5 49. bxa5 Be4 50. Bf7 Kc6 51. a6 Kb6 52. Bxd5 Bf5 53.
Bc4 Bd7 54. Bd3 Bg4 55. Kd5 f5 56. Ke5 Bf3 57. Kf6 Be4 58. Be2 1-0

[Event "39. Rilton Cup 2009/2010"]
[Site "Stockholm SWE"]
[Date "2010.01.02"]
[Round "6.30"]
[White "Adahl, Mattias"]
[Black "Wiander, Michael"]
[Result "0-1"]
[WhiteElo "2133"]
[BlackElo "2195"]
[PlyCount "80"]
[EventDate "2009.12.27"]
[EventType "swiss"]
[EventRounds "9"]
[EventCountry "SWE"]
[Source "lmi"]
[SourceDate "2009.12.27"]

1. e4 d5 2. exd5 Nf6 3. d4 Nxd5 4. c4 Nb6 5. Be3 g6 6. Bd3 Bg7 7. Ne2 Nc6 8. c5
Nd5 9. Be4 O-O 10. Nbc3 Nxe3 11. fxe3 Bh6 12. Qd2 e5 13. d5 Na5 14. Bd3 Nc4 15.
Bxc4 Qh4+ 16. Ng3 Qxc4 17. Nce4 f5 18. Rc1 Qxa2 19. O-O fxe4 20. Rxf8+ Bxf8 21.
Rf1 Bxc5 22. Nxe4 Be7 23. Nc3 Qc4 24. Qf2 Bf5 25. Qe1 Rf8 26. e4 Qd4+ 27. Kh1
Bd7 28. Rxf8+ Bxf8 29. Qh4 b5 30. Qd8 b4 31. Ne2 Qxe4 32. Qxd7 Qxe2 33. Qe6+
Kg7 34. Qd7+ Kh8 35. h3 Qf1+ 36. Kh2 Qf4+ 37. Kg1 e4 38. Qe8 Kg7 39. b3 Bd6 40.
Qd7+ Kh6 0-1

[Event "39. Rilton Cup 2009/2010"]
[Site "Stockholm SWE"]
[Date "2010.01.02"]
[Round "6.31"]
[White "Grochowalski, Pawel"]
[Black "Jacobsen, Kovachev Daniel"]
[Result "1/2-1/2"]
[WhiteElo "2072"]
[BlackElo "2243"]
[PlyCount "83"]
[EventDate "2009.12.27"]
[EventType "swiss"]
[EventRounds "9"]
[EventCountry "SWE"]
[Source "lmi"]
[SourceDate "2009.12.27"]

1. d4 f5 2. Nc3 d5 3. g3 Nf6 4. Bg2 e6 5. Nf3 c5 6. e3 Nc6 7. O-O Bd6 8. Nb5
Be7 9. c4 dxc4 10. dxc5 Bxc5 11. Qa4 O-O 12. Qxc4 Qe7 13. b3 Kh8 14. Bb2 e5 15.
Rac1 Ne4 16. Rfd1 a6 17. Nc3 Nxc3 18. Qxc3 Bb4 19. Qc2 Bd6 20. Nd2 Nb4 21. Qb1
e4 22. Nc4 Bc7 23. Bd4 Nd3 24. Rc2 Be6 25. Nb2 Nxb2 26. Qxb2 Rf7 27. Rdc1 Bd6
28. Bc5 Rd8 29. Bf1 h6 30. Bxd6 Qxd6 31. Bc4 Rfd7 32. Be2 Qe7 33. Rc8 Kh7 34.
Rxd8 Rxd8 35. Rd1 Rxd1+ 36. Bxd1 Qd6 37. Be2 a5 38. h4 Bf7 39. Kg2 g5 40. hxg5
hxg5 41. Qc3 b6 42. Qc8 1/2-1/2

[Event "39. Rilton Cup 2009/2010"]
[Site "Stockholm SWE"]
[Date "2010.01.02"]
[Round "6.32"]
[White "Janse, Love"]
[Black "Rosenkilde, Alexander"]
[Result "1/2-1/2"]
[WhiteElo "2141"]
[BlackElo "2201"]
[PlyCount "114"]
[EventDate "2009.12.27"]
[EventType "swiss"]
[EventRounds "9"]
[EventCountry "SWE"]
[Source "lmi"]
[SourceDate "2009.12.27"]

1. e4 c5 2. f4 d5 3. exd5 Nf6 4. Bb5+ Nbd7 5. c4 a6 6. Bxd7+ Bxd7 7. Nf3 e6 8.
dxe6 Bxe6 9. d3 Be7 10. O-O O-O 11. Nc3 Re8 12. Kh1 Qc7 13. Ng5 Bg4 14. Qc2
Rad8 15. Nge4 Qd7 16. Nf2 Bf5 17. Rd1 Qd4 18. h3 h5 19. Qe2 Bd6 20. Qf3 Bc7 21.
Ne2 Qd6 22. Ng3 Bd7 23. Be3 Bc6 24. Nfe4 Qe6 25. Bxc5 Nxe4 26. Nxe4 f5 27. d4
Qxe4 28. d5 Qxf3 29. gxf3 Bd7 30. d6 Bb8 31. Bb6 Rc8 32. c5 Re6 33. Rd2 Rce8
34. Rad1 Re2 35. Kg1 Rxd2 36. Rxd2 Kf7 37. Kf2 Ke6 38. Kg3 g6 39. Kh4 Kf6 40.
Rd3 Re2 41. Ba5 Ke6 42. Bc3 Be8 43. Kg5 Kd7 44. Bd4 Kc6 45. Kf6 b6 46. b4 bxc5
47. bxc5 Ba7 48. Ra3 Kd5 49. Rxa6 Re6+ 50. Kg7 Bxc5 51. Bxc5 Kxc5 52. d7 Bxd7
53. Rxe6 Bxe6 54. Kxg6 Bxa2 55. Kxh5 Kd6 56. Kg6 Be6 57. Kf6 Bd5 1/2-1/2

[Event "39. Rilton Cup 2009/2010"]
[Site "Stockholm SWE"]
[Date "2010.01.02"]
[Round "6.33"]
[White "Svensson, Leif"]
[Black "Hobber, Anders"]
[Result "1/2-1/2"]
[WhiteElo "2195"]
[BlackElo "2132"]
[PlyCount "57"]
[EventDate "2009.12.27"]
[EventType "swiss"]
[EventRounds "9"]
[EventCountry "SWE"]
[Source "lmi"]
[SourceDate "2009.12.27"]

1. d4 e6 2. e4 d5 3. Nc3 h6 4. Be3 Bb4 5. a3 Bxc3+ 6. bxc3 c5 7. e5 Ne7 8. f4
Nf5 9. Bf2 cxd4 10. cxd4 Qa5+ 11. Qd2 Qxd2+ 12. Kxd2 h5 13. Nf3 Nc6 14. Bd3 Bd7
15. h3 Na5 16. g4 Ne7 17. Ng5 Nc4+ 18. Ke2 Nb2 19. Rab1 Nxd3 20. Kxd3 b6 21.
Be3 Rc8 22. Nf3 Ba4 23. c3 Bc6 24. Bf2 Bd7 25. Nd2 Bc6 26. Bg3 Bb7 27. Rh2 Ba6+
28. Kc2 Nc6 29. Kb2 1/2-1/2

[Event "39. Rilton Cup 2009/2010"]
[Site "Stockholm SWE"]
[Date "2010.01.03"]
[Round "7.2"]
[White "Ponkratov, Pavel"]
[Black "Shimanov, Aleksandr"]
[Result "1-0"]
[WhiteElo "2575"]
[BlackElo "2535"]
[PlyCount "65"]
[EventDate "2009.12.27"]
[EventType "swiss"]
[EventRounds "9"]
[EventCountry "SWE"]
[Source "lmi"]
[SourceDate "2009.12.27"]

1. e4 c5 2. Nf3 e6 3. d4 cxd4 4. Nxd4 Nc6 5. Nc3 Qc7 6. Be3 Nf6 7. f4 Bb4 8.
Ndb5 Qa5 9. e5 Nd5 10. Bd2 Nxc3 11. Nxc3 d5 12. Bd3 Bd7 13. O-O Ne7 14. a3 Bxc3
15. Bxc3 Qb6+ 16. Kh1 Bb5 17. Bb4 Bxd3 18. cxd3 Nf5 19. Rc1 Qb5 20. Rc7 a5 21.
Qc1 f6 22. Bc5 b6 23. a4 Qxa4 24. Ba3 h5 25. exf6 gxf6 26. b3 Qb5 27. Re1 Kd8
28. Rxe6 Re8 29. Rec6 d4 30. h3 h4 31. Kh2 Rg8 32. Rb7 Qd5 33. Rd6+ 1-0

[Event "39. Rilton Cup 2009/2010"]
[Site "Stockholm SWE"]
[Date "2010.01.03"]
[Round "7.4"]
[White "Ivanov, Sergey"]
[Black "Lysyj, Igor"]
[Result "1/2-1/2"]
[WhiteElo "2530"]
[BlackElo "2609"]
[PlyCount "33"]
[EventDate "2009.12.27"]
[EventType "swiss"]
[EventRounds "9"]
[EventCountry "SWE"]
[Source "lmi"]
[SourceDate "2009.12.27"]

1. d4 Nf6 2. c4 e6 3. Nf3 b6 4. g3 Bb4+ 5. Bd2 Bxd2+ 6. Qxd2 Ba6 7. b3 c6 8.
Bg2 d5 9. O-O Nbd7 10. Ne5 Nxe5 11. dxe5 Nd7 12. cxd5 cxd5 13. f4 O-O 14. Nc3
Rc8 15. Rfd1 Nb8 16. Rac1 Nc6 17. e3 1/2-1/2

[Event "39. Rilton Cup 2009/2010"]
[Site "Stockholm SWE"]
[Date "2010.01.03"]
[Round "7.5"]
[White "Popov, Valerij"]
[Black "Grandelius, Nils"]
[Result "0-1"]
[WhiteElo "2588"]
[BlackElo "2540"]
[PlyCount "118"]
[EventDate "2009.12.27"]
[EventType "swiss"]
[EventRounds "9"]
[EventCountry "SWE"]
[Source "lmi"]
[SourceDate "2009.12.27"]

1. Nf3 Nf6 2. c4 e6 3. g3 d5 4. Bg2 dxc4 5. Qa4+ Nbd7 6. Qxc4 a6 7. Qc2 c5 8.
Nc3 Qc7 9. O-O b6 10. d3 Bb7 11. e4 Be7 12. h3 O-O 13. Be3 Rfd8 14. Rad1 Rac8
15. a4 Qb8 16. Nh2 b5 17. axb5 axb5 18. Nxb5 Bxe4 19. dxe4 Qxb5 20. Nf3 h6 21.
Rc1 Nb6 22. Nd2 Rd7 23. Rfe1 Qb4 24. Qc3 Qxc3 25. bxc3 Rcd8 26. Rc2 Ra7 27. Rb1
Nfd7 28. Bf1 Ra3 29. h4 Bf6 30. Rbc1 Na4 31. Nb1 Ra1 32. Bb5 Rb8 33. c4 Ne5 34.
Nd2 Rxc1+ 35. Rxc1 Nd3 36. Rb1 Nc3 37. Rb3 Nc1 38. Kg2 Nxb3 39. Nxb3 Nxb5 40.
cxb5 c4 41. Na5 c3 42. b6 Bd8 43. Nc4 c2 44. Na3 Bxb6 45. Nxc2 Bxe3 46. Nxe3
Kf8 47. Kf3 Rb2 48. Nc4 Rc2 49. Ne5 Ke7 50. Ke3 Ra2 51. Kf3 h5 52. Ke3 f6 53.
Ng6+ Kf7 54. Nf4 e5 55. Nd3 Ke6 56. f4 Ra3 57. fxe5 fxe5 58. Ke2 Kd6 59. Ke3
Rxd3+ 0-1

[Event "39. Rilton Cup 2009/2010"]
[Site "Stockholm SWE"]
[Date "2010.01.03"]
[Round "7.6"]
[White "Brynell, Stellan"]
[Black "Gleizerov, Evgeny"]
[Result "1/2-1/2"]
[WhiteElo "2472"]
[BlackElo "2566"]
[PlyCount "46"]
[EventDate "2009.12.27"]
[EventType "swiss"]
[EventRounds "9"]
[EventCountry "SWE"]
[Source "lmi"]
[SourceDate "2009.12.27"]

1. Nf3 d5 2. d4 c6 3. c4 dxc4 4. e3 Be6 5. Nc3 b5 6. Be2 Nf6 7. O-O g6 8. Ng5
Bc8 9. b3 h6 10. Nge4 b4 11. Nxf6+ exf6 12. Ne4 c3 13. a3 Bf5 14. Ng3 Be6 15.
axb4 Bxb4 16. Ba3 Qe7 17. Bxb4 Qxb4 18. Ne4 Nd7 19. Ra4 Qb8 20. b4 Nb6 21. Ra6
Nd5 22. Rxc6 Qxb4 23. Qa1 O-O 1/2-1/2

[Event "39. Rilton Cup 2009/2010"]
[Site "Stockholm SWE"]
[Date "2010.01.03"]
[Round "7.7"]
[White "Hammer, Jon Ludvig"]
[Black "Gavrilov, Alexei"]
[Result "1/2-1/2"]
[WhiteElo "2588"]
[BlackElo "2481"]
[PlyCount "112"]
[EventDate "2009.12.27"]
[EventType "swiss"]
[EventRounds "9"]
[EventCountry "SWE"]
[Source "lmi"]
[SourceDate "2009.12.27"]

1. d4 Nf6 2. c4 e6 3. Nf3 d5 4. g3 Bb4+ 5. Bd2 Bd6 6. Bg2 c6 7. Qc2 Nbd7 8. O-O
O-O 9. Rd1 Qe7 10. Nc3 dxc4 11. Bg5 h6 12. Bxf6 Nxf6 13. Ne5 Bxe5 14. dxe5 Nd7
15. f4 f6 16. exf6 Nxf6 17. h3 Nd5 18. Qe4 Qb4 19. Rd2 Nxc3 20. bxc3 Qxc3 21.
Rad1 e5 22. g4 exf4 23. Rd4 Qe3+ 24. Qxe3 fxe3 25. Re4 h5 26. Bf3 hxg4 27. hxg4
Kf7 28. Rf4+ Ke7 29. Rxc4 Be6 30. Rb4 b6 31. Bxc6 Rad8 32. Ra1 Rd2 33. Bf3 Rc8
34. a4 Rdc2 35. a5 Rc1+ 36. Rxc1 Rxc1+ 37. Kg2 bxa5 38. Rb7+ Kf6 39. g5+ Kg6
40. Rxa7 Rc5 41. Kg3 Rxg5+ 42. Kf4 Kf6 43. Kxe3 Rb5 44. Kd4 g5 45. Bc6 Re5 46.
e4 g4 47. Bd5 g3 48. Rxa5 Bxd5 49. exd5 Re1 50. Ra2 Kf5 51. Rg2 Kf4 52. d6 Kf3
53. Rxg3+ Kxg3 54. Kd5 Kf4 55. d7 Kf5 56. Kd6 Rd1+ 1/2-1/2

[Event "39. Rilton Cup 2009/2010"]
[Site "Stockholm SWE"]
[Date "2010.01.03"]
[Round "7.8"]
[White "Bellon Lopez, Juan Manuel"]
[Black "Miezis, Normunds"]
[Result "0-1"]
[WhiteElo "2435"]
[BlackElo "2530"]
[PlyCount "56"]
[EventDate "2009.12.27"]
[EventType "swiss"]
[EventRounds "9"]
[EventCountry "SWE"]
[Source "lmi"]
[SourceDate "2009.12.27"]

1. d4 e6 2. Nf3 c5 3. e3 Nf6 4. c4 cxd4 5. exd4 d5 6. Nc3 Be7 7. a3 O-O 8. Bd3
dxc4 9. Bxc4 a6 10. Ba2 b5 11. O-O Bb7 12. Re1 Nd5 13. Ne4 Nd7 14. Qd3 N5f6 15.
Nfg5 Nxe4 16. Nxe4 Ne5 17. Qh3 Qxd4 18. Bd2 Ng6 19. Bc3 Qb6 20. Re3 Rad8 21.
Qh5 h6 22. Nf6+ Bxf6 23. Bxf6 gxf6 24. Bxe6 Kg7 25. Rae1 Rfe8 26. Bxf7 Kxf7 27.
Rxe8 Rxe8 28. Rxe8 Qc6 0-1

[Event "39. Rilton Cup 2009/2010"]
[Site "Stockholm SWE"]
[Date "2010.01.03"]
[Round "7.9"]
[White "Yuneev, Alexey"]
[Black "Cramling, Pia"]
[Result "0-1"]
[WhiteElo "2428"]
[BlackElo "2525"]
[PlyCount "72"]
[EventDate "2009.12.27"]
[EventType "swiss"]
[EventRounds "9"]
[EventCountry "SWE"]
[Source "lmi"]
[SourceDate "2009.12.27"]

1. e4 c5 2. Nf3 e6 3. d4 cxd4 4. Nxd4 a6 5. c4 Nf6 6. Nc3 Qc7 7. a3 b6 8. Be2
Bb7 9. f3 Be7 10. O-O O-O 11. Be3 d6 12. Rc1 Nbd7 13. Qe1 Rac8 14. Qf2 Qb8 15.
Rfd1 Rfe8 16. b4 Bd8 17. Nb3 Bc7 18. g3 h5 19. a4 d5 20. cxd5 exd5 21. Nxd5
Nxd5 22. exd5 Nf6 23. Bg5 Nxd5 24. Bc4 Bd8 25. Bxd5 Bxg5 26. f4 Bf6 27. Qf3
Bxd5 28. Qxd5 h4 29. Qf3 Rxc1 30. Rxc1 Qd6 31. Rc4 h3 32. Kf1 Qe6 33. Rc1 Bc3
34. g4 Qxb3 35. Qxc3 Qd5 36. Qg3 Qd2 0-1

[Event "39. Rilton Cup 2009/2010"]
[Site "Stockholm SWE"]
[Date "2010.01.03"]
[Round "7.11"]
[White "De Verdier, Michael"]
[Black "Lauber, Arnd"]
[Result "0-1"]
[WhiteElo "2270"]
[BlackElo "2503"]
[PlyCount "60"]
[EventDate "2009.12.27"]
[EventType "swiss"]
[EventRounds "9"]
[EventCountry "SWE"]
[Source "lmi"]
[SourceDate "2009.12.27"]

1. d4 f5 2. Nf3 Nf6 3. c4 g6 4. g3 Bg7 5. Bg2 O-O 6. O-O d6 7. Nc3 c6 8. d5 e5
9. dxe6 Bxe6 10. Qd3 Re8 11. Rd1 Na6 12. Ng5 Nc5 13. Nxe6 Rxe6 14. Qc2 a5 15.
b3 Qb6 16. Rb1 Rae8 17. e3 Ng4 18. Bb2 Rxe3 19. fxe3 Nxe3 20. Qe2 Nd3 21. Kh1
Nxb2 22. Nd5 cxd5 23. Bxd5+ Kf8 24. Re1 Bc3 25. Rbc1 Qd4 26. Bxb7 Bxe1 27. Rxe1
Nd3 28. Qd2 Re5 29. Bf3 Ng4 30. Rxe5 Ndf2+ 0-1

[Event "39. Rilton Cup 2009/2010"]
[Site "Stockholm SWE"]
[Date "2010.01.03"]
[Round "7.12"]
[White "Karlsson, Lars"]
[Black "Markevich, Ilya"]
[Result "1-0"]
[WhiteElo "2491"]
[BlackElo "2162"]
[PlyCount "53"]
[EventDate "2009.12.27"]
[EventType "swiss"]
[EventRounds "9"]
[EventCountry "SWE"]
[Source "lmi"]
[SourceDate "2009.12.27"]

1. c4 e6 2. Nf3 d5 3. g3 c5 4. Bg2 Nc6 5. O-O Nf6 6. d4 Be7 7. cxd5 exd5 8.
dxc5 Bxc5 9. Bg5 O-O 10. Nc3 d4 11. Bxf6 Qxf6 12. Nd5 Qd8 13. Nd2 Bg4 14. Nb3
Bb6 15. Re1 Re8 16. Nxb6 Qxb6 17. Bxc6 bxc6 18. Qxd4 Rxe2 19. Rxe2 Bxe2 20. Qe4
Ba6 21. Rc1 Rc8 22. Nc5 h6 23. b3 Bb7 24. Qe7 Qc7 25. Re1 Qxe7 26. Rxe7 Ba8 27.
Rxa7 1-0